000 00297nam a22001337a 4500
008 190205b xxu||||| |||| 00| 0 eng d
020 _a9780803622104
041 _aeng
080 _28th
_a610.73
100 _a2
101 _aINF
245 _aNursing Care Plans
_cDoenges,M.E
942 _2udc
_cBK
999 _c54054
_d54054